K to 12 : (Record no. 275475)
[ view plain ]
| 000 -LEADER | |
|---|---|
| fixed length control field | 00518nam a2200157Ia 4500 |
| 008 - FIXED-LENGTH DATA ELEMENTS--GENERAL INFORMATION | |
| fixed length control field | 140910s9999 xx 000 0 und d |
| 020 ## - INTERNATIONAL STANDARD BOOK NUMBER | |
| International Standard Book Number | 9789719706748 |
| 050 ## - LIBRARY OF CONGRESS CALL NUMBER | |
| Classification number | KF 4219 |
| Item number | .Es82 2013 |
| 100 ## - MAIN ENTRY--PERSONAL NAME | |
| Personal name | Estrada, Joseph Noel M. |
| 245 ## - TITLE STATEMENT | |
| Title | K to 12 : |
| Remainder of title | R.A. 10533 and relevant education policies / |
| Statement of responsibility, etc | Joseph Noel M. Estrada, Kristjan Vicente T. Gargantiel. |
| 260 ## - PUBLICATION, DISTRIBUTION, ETC. (IMPRINT) | |
| Place of publication, distribution, etc | Quezon City, Philippines : |
| Name of publisher, distributor, etc | Vibal Group, |
| Date of publication, distribution, etc | c2013. |
| 300 ## - PHYSICAL DESCRIPTION | |
| Extent | 241 pages : |
| Dimensions | 24 cm. |
| 650 ## - SUBJECT ADDED ENTRY--TOPICAL TERM | |
| Topical term or geographic name as entry element | Education. |
| 650 ## - SUBJECT ADDED ENTRY--TOPICAL TERM | |
| Topical term or geographic name as entry element | Policies. |
| 942 ## - ADDED ENTRY ELEMENTS (KOHA) | |
| Koha item type | Books |
| Withdrawn status | Lost status | Damaged status | Home library | Current library | Shelving location | Date acquired | Source of acquisition | Total Checkouts | Full call number | Barcode | Date last seen | Date checked out | Price effective from | Koha item type | Source of classification or shelving scheme | Sub Shelving location | Total Renewals |
|---|---|---|---|---|---|---|---|---|---|---|---|---|---|---|---|---|---|
| College Library | College Library | Reserve Section | 11/13/2014 | 2 | KF 4219 .Es82 2013 | C18912 | 05/15/2018 | 12/02/2016 | 11/13/2014 | Books | Library of Congress Classification | 1 | |||||
| Luxembourg Library | Luxembourg Library | Teachers Reference Section | 09/10/2014 | Library Fund | 1 | KF 4219 .Es82 2013 | 19836 | 03/05/2015 | 02/24/2015 | 09/10/2014 | Books |